Statistics for Least violent US states

Click here to take the quiz!

General Stats

  • This quiz has been taken 140 times
  • The average score is 9 of 12

Answer Stats

Violent Crime RateAnswer% Correct
112.1 per 100kMaine
89%
172.0 per 100kVermont
89%
173.2 per 100kNew Hampshire
88%
219.1 per 100kRhode Island
88%
207.4 per 100kConnecticut
83%
227.1 per 100kIdaho
81%
212.2 per 100kWyoming
80%
233.1 per 100kUtah
77%
220.4 per 100kMinnesota
66%
200.0 per 100kVirginia
61%
208.1 per 100kNew Jersey
56%
211.9 per 100kKentucky
52%

Score Distribution

Percentile by Number Answered

Percent of People with Each Score

Your Score History

You have not taken this quiz